Ageing in Everyday Life / Materialities and Embodiments (Record no. 3228)
[ view plain ]
| 000 -LEADER | |
|---|---|
| fixed length control field | 01634cam a22002054a 4500 |
| 005 - ΗΜΕΡΟΜΗΝΙΑ ΚΑΙ ΩΡΑ ΤΕΛΕΥΤΑΙΑΣ ΕΝΗΜΕΡΩΣΗΣ | |
| Πεδίο ελέγχου | 20250605164109.0 |
| 008 - FIXED-LENGTH DATA ELEMENTS--GENERAL INFORMATION | |
| Πεδίο ελέγχου σταθερού μήκους | 250528s ||||||||||||||||||||||||d |
| 035 ## - SYSTEM CONTROL NUMBER | |
| System control number | 17828 |
| 020 ## - ISBN | |
| ISBN | 9781447335962 |
| 040 ## - ΠΗΓΗ ΚΑΤΑΛΟΓΟΓΡΑΦΗΣΗΣ | |
| Φορέας πρωτότυπης καταλογογράφησης | MC Athens Campus Library |
| Γλώσσα καταλογογράφησης | Ελληνικά, Μοντέρνα (1453-) |
| Modifying agency | MC Athens Campus Library |
| Κανόνες περιγραφικής καταλογογράφησης | AACR2 |
| 245 1# - ΤΙΤΛΟΣ ΚΑΙ ΔΗΛΩΣΗ ΥΠΕΥΘΥΝΟΤΗΤΑΣ | |
| Τίτλος | Ageing in Everyday Life / Materialities and Embodiments |
| 250 ## - EDITION STATEMENT | |
| Edition statement | 1st |
| 260 ## - PUBLICATION, DISTRIBUTION, ETC. | |
| Name of publisher, distributor, etc. | Policy Press, |
| Date of publication, distribution, etc. | 2019 |
| 300 ## - PHYSICAL DESCRIPTION | |
| Extent | 230 |
| 520 ## - SUMMARY, ETC. | |
| Summary, etc. | This pathbreaking book changes our understandings of contemporary ageing by providing innovative, theoretically-rich analyses of everyday life, meanings and material culture. Acknowledgements, Introduction, Materiabilities, Things and Possessions, Reinventing the Nursing Home: Metaphors That Design Cate, The Ever-Breaking Wave of Everyday Life: Animating Ageing Movement-Space, What's Exotic About the Best Exotic Marigold Hotel? Cinema and Everyday Life and the Materialization of Ageing, Between Ageing and Ageism: Portrayals of Online Dating in Later Life in Canadian Print Media, Embodiments, Closer to Touch: Sexuality and Embodiment and Masculinity in Older Men's Lives, Ageing Bodies and Driving and Change: Exploring Older Body-Drives Fit in the High-Tech Automobile, Dancing with Dementia: Citizenship and Embodiment and Everyday Life in the Context of Long-Term Care, Why Clothes Matter: The Role of Dress in the Everyday Lives of Older People, Our Fitbits and our (Ageing) Selves: Wearables and Self-Tracking and Ageing Embodiment, Afterword and Relational Entanglements: Ageing and Materialities and Embodiments, Index. |
| 700 1# - ΠΡΟΣΘΕΤΗ ΑΝΑΓΡΑΦΗ--ΦΥΣΙΚΟ ΠΡΟΣΩΠΟ | |
| Personal name | Katz Stephen |
| 9 (RLIN) | 4100 |
| 942 ## - ADDED ENTRY ELEMENTS (KOHA) | |
| Koha item type | Books |
| Τύπος τεκμηρίου | Βιβλιοθήκη | Τρέχουσα τοποθεσία | Barcode | Αριθμός εισαγωγής | Ημερομηνία απόκτησης | Ταξιθετικό σύμβολο | Αριθμός αντιτύπου | Κατάσταση απόσυρσης | Κατάσταση χαμένου | Κατάσταση κατεστραμμένου | Μη δανεισμός | Σύνολο δανεισμών | Ημερομηνία τελευταίας εμφάνισης | Η τιμή ισχύει από |
|---|---|---|---|---|---|---|---|---|---|---|---|---|---|---|
| Books | MC Athens Campus Library | MC Athens Campus Library | 9780000032270 | 7231 | 05/06/2025 | 305.26 KAT | 1 | 05/06/2025 | 05/06/2025 |